000 00969nam a2200229 i 4500
001 122979
003 ES-MaACL
005 20251109120936.0
007 t|
008 070214s1930 fr r ||||0| fre d
245 0 0 _aDe Pouchkine à Tolstoi
_b: contes et nouvelles /
_ctraductions de Hélène Isvolsky, Henri Mongault et de Boris de Schloezer.
260 _aParis :
_bLa Pleiade,
_c1930.
300 _a285 p ;
_c22 cm.
490 1 _aLes auteurs classiques russes
505 8 _aContiene: Pouchkine: Le maure de Pierre le Grand. - Lermontov: Le fataliste. - Gogol: Ménàge d'autrefois. - Dostoïevsky: Bobok. - Tourguénev: Le rendez-vous. - Leskov: Un benêt. - Tchekhov: Volodia. - Tolstoï: Le père Serge
700 1 _aIsvolsky, Helene.
_965608
700 1 _aMongault, Henri,
_d1888-1941
_982186
700 1 _aSchloezer, Boris de.
_9104429
830 0 _aLes auteurs classiques russes
_9218895
852 _aES-MaACL
_jA-2382
999 _c122979
_d122979